<?xml version="1.0" encoding="UTF-8"?>
<record
    xmlns:xsi="http://www.w3.org/2001/XMLSchema-instance"
    xsi:schemaLocation="http://www.loc.gov/MARC21/slim http://www.loc.gov/standards/marcxml/schema/MARC21slim.xsd"
    xmlns="http://www.loc.gov/MARC21/slim">

  <leader>01019nam a2200229Ia 4500</leader>
  <datafield tag="952" ind1=" " ind2=" ">
    <subfield code="0">0</subfield>
    <subfield code="1">0</subfield>
    <subfield code="4">0</subfield>
    <subfield code="7">0</subfield>
    <subfield code="a">11</subfield>
    <subfield code="b">11</subfield>
    <subfield code="d">2007-01-08</subfield>
    <subfield code="l">4</subfield>
    <subfield code="o">RM300 D75 1991</subfield>
    <subfield code="p">11 004830</subfield>
    <subfield code="r">2019-04-24</subfield>
    <subfield code="s">2019-04-24</subfield>
    <subfield code="t">1</subfield>
    <subfield code="w">2012-06-26</subfield>
    <subfield code="y">LB</subfield>
  </datafield>
  <datafield tag="999" ind1=" " ind2=" ">
    <subfield code="c">70981</subfield>
    <subfield code="d">70981</subfield>
  </datafield>
  <controlfield tag="008">120626s1983    mx d          000 0 spa d</controlfield>
  <datafield tag="020" ind1=" " ind2=" ">
    <subfield code="a">9682413702</subfield>
  </datafield>
  <datafield tag="050" ind1=" " ind2=" ">
    <subfield code="a">RM300</subfield>
    <subfield code="b">D75 1983 </subfield>
  </datafield>
  <datafield tag="245" ind1=" " ind2=" ">
    <subfield code="a">Drogas y conducta</subfield>
    <subfield code="b">: Interacciones y aplicaciones </subfield>
    <subfield code="c">/ V&#xED;ctor M., Alvaraz, e tal.;  traducci&#xF3;n t&#xE9;cnica: Ana Eugenia, D&#xED;az Le&#xF3;n </subfield>
  </datafield>
  <datafield tag="260" ind1=" " ind2=" ">
    <subfield code="a">M&#xE9;xico </subfield>
    <subfield code="b">: Trillas </subfield>
    <subfield code="c">, 1983 </subfield>
  </datafield>
  <datafield tag="300" ind1=" " ind2=" ">
    <subfield code="a">322 p&#xE1;ginas </subfield>
    <subfield code="b">: Ilustraciones </subfield>
  </datafield>
  <datafield tag="500" ind1=" " ind2=" ">
    <subfield code="a">Incluye: &#xCD;ndice de contenido, Pr&#xF3;logo (pp. 5 - 6), Agradecimientos (pp. 9 - 10), Introducci&#xF3;n (pp. 15 - 17), &#xCD;nidce onom&#xE1;stico (pp. 313 -  317), &#xCD;ndice de materias (pp. 319 - 322)</subfield>
  </datafield>
  <datafield tag="505" ind1=" " ind2=" ">
    <subfield code="a">Farmacolog&#xED;a conductual animal  
Farmacolog&#xED;a conductual humana  
Toxicolog&#xED;a conductual  </subfield>
  </datafield>
  <datafield tag="519" ind1=" " ind2=" ">
    <subfield code="a">Material Complementario / </subfield>
    <subfield code="d">(11 004830)</subfield>
  </datafield>
  <datafield tag="650" ind1=" " ind2="0">
    <subfield code="a">DROGAS </subfield>
  </datafield>
  <datafield tag="650" ind1=" " ind2="0">
    <subfield code="a">CONDUCTA ANIMAL </subfield>
  </datafield>
  <datafield tag="650" ind1=" " ind2="0">
    <subfield code="a">FARMACOLOG&#xCD;A </subfield>
  </datafield>
  <datafield tag="700" ind1=" " ind2=" ">
    <subfield code="a">Alcaraz, V&#xED;ctor M</subfield>
    <subfield code="e">editor </subfield>
  </datafield>
  <datafield tag="700" ind1=" " ind2=" ">
    <subfield code="a">Colotla, V&#xED;ctor A.</subfield>
    <subfield code="e">editor </subfield>
  </datafield>
  <datafield tag="700" ind1=" " ind2=" ">
    <subfield code="a">Laties, V&#xED;ctor G. </subfield>
    <subfield code="e">editor </subfield>
  </datafield>
  <datafield tag="942" ind1=" " ind2=" ">
    <subfield code="c">LB</subfield>
  </datafield>
</record>
